पौराणिक सॉंग सरिता (Record no. 1226397)

MARC details
000 -LEADER
fixed length control field 00727nam a2200217Ia 4500
005 - DATE AND TIME OF LATEST TRANSACTION
control field 20241129105857.0
008 - FIXED-LENGTH DATA ELEMENTS--GENERAL INFORMATION
fixed length control field 241129s9999||||xx |||||||||||||| ||und||
020 ## - INTERNATIONAL STANDARD BOOK NUMBER
International Standard Book Number 978-93-86541-63-5
037 ## - SOURCE OF ACQUISITION
Stock number TB
040 ## - CATALOGING SOURCE
Original cataloging agency ARTS
Language of cataloging hin
Transcribing agency ARTS
041 ## - LANGUAGE CODE
Language code of text/sound track or separate title hin
Source of code san
084 ## - COLON CLASSIFICATION NUMBER
Classification number Q23 152Q8
Assigning agency ARTS
100 ## - MAIN ENTRY--PERSONAL NAME
Personal name नैन, रलदू राम, ले.
9 (RLIN) 160906
245 #0 - TITLE STATEMENT
Title पौराणिक सॉंग सरिता
Statement of responsibility, etc. नैन, रलदू राम, ले.
260 ## - PUBLICATION, DISTRIBUTION, ETC.
Place of publication, distribution, etc. नई दिल्ली, भारत
Name of publisher, distributor, etc. एजुकेशनल बुक सर्विस
Date of publication, distribution, etc. 2022
300 ## - PHYSICAL DESCRIPTION
Extent 145पृ0
365 ## - TRADE PRICE
Price type code INR
Price amount 400
650 ## - SUBJECT ADDED ENTRY--TOPICAL TERM
Topical term or geographic name entry element Religion
942 ## - ADDED ENTRY ELEMENTS (KOHA)
Koha item type Textbook
Classification part Q23 152Q8
Holdings
Withdrawn status Lost status Damaged status Not for loan Home library Current library Date acquired Source of acquisition Cost, normal purchase price Inventory number Total Checkouts Full call number Barcode Date last seen Price effective from Koha item type
        Arts Library Arts Library 2024-11-29 Eastern Book Linkers 400.00 156 & 08/02/2023   Q23 152Q8 AL1667430 2024-11-29 2024-11-29 Textbook
Copyright @ Delhi University Library System